| 000 | 00732nam a2200265 a 4500 | ||
|---|---|---|---|
| 001 | 26462 | ||
| 003 | CO-ViMGA | ||
| 008 | 141112s2004 ck r 000 u spa d | ||
| 020 | _a9789588341286 | ||
| 040 |
_aCO-ViMGA _bspa _cCO-ViMGA |
||
| 041 | _aSPA | ||
| 082 | 0 | 4 | _a338 T71 |
| 245 | 1 | 0 |
_aTrabajo y capital en el siglo XXI / _cHector León Moncayo, editor |
| 250 | _a1a ed. | ||
| 260 |
_aBogotá : _bIlsa, _c2014 |
||
| 300 | _a272 p. | ||
| 490 | _aEn clave de sur | ||
| 650 | 1 | 4 | _aCAPITALISMO |
| 650 | 1 | 4 |
_aDIVISION DEL TRABAJO _941272 |
| 650 | 1 | 4 |
_aMODOS DE PRODUCCIÓN _941273 |
| 650 | 1 | 4 |
_aTRABAJO _913146 |
| 700 | 1 |
_aMoncayo, Héctor - León _941274 |
|
| 700 | 1 |
_aMoncayo, Héctor - León _941274 |
|
| 942 |
_2ddc _cBK |
||
| 999 |
_c2426 _d2426 |
||